| 000 | 00533pab a2200181 454500 | ||
|---|---|---|---|
| 008 | 180718b2006 xxu||||| |||| 00| 0 eng d | ||
| 100 | _aSrinivas, E.S. | ||
| 245 | _aAn examination of transformational and transactional leadership: a study of dimensions and outcomes in India context | ||
| 260 | _c2006 | ||
| 300 | _ap.208-27. | ||
| 362 | _aAug | ||
| 650 | _aLeadership - India | ||
| 650 | _aLeadership | ||
| 700 | _aVikramaditya, E. | ||
| 700 | _aKumar, G. Ashok | ||
| 773 | _aManagement and Labour Studies | ||
| 909 | _a71194 | ||
| 999 |
_c71194 _d71194 |
||